000 00686nam a2200289Ia 4500
005 20260324121623.0
008 008 260324s9999 xx 000 0 eng d
020 _a9781315548951
037 _aEBOOK
040 _aCRL
040 _beng
040 _cCRL
041 _2eng
041 _aeng
084 _qCRL
100 _aKate Seaman
_91163212
245 0 _aUN-Tied Nations
245 4 _bThe United Nations, Peacekeeping and Global Governance
260 _bTaylor and Francis
260 _c2014
365 _a
365 _b255
856 _uhttp://www.taylorfrancis.com/books/9781315548951
942 _cEBOOK
999 _c1755444
_d1755444